Jurassic record breakers : (Record no. 3065)
[ view plain ]
| 000 -LEADER | |
|---|---|
| fixed length control field | 01185nam a22002657a 4500 |
| 001 - CONTROL NUMBER | |
| control field | 3065 |
| 003 - CONTROL NUMBER IDENTIFIER | |
| control field | FISKH |
| 005 - DATE AND TIME OF LATEST TRANSACTION | |
| control field | 20251028092923.0 |
| 008 - FIXED-LENGTH DATA ELEMENTS--GENERAL INFORMATION | |
| fixed length control field | 240202b cb ||||| |||| 00| 0 eng d |
| 020 ## - INTERNATIONAL STANDARD BOOK NUMBER | |
| International Standard Book Number | 9781783121182 |
| 040 ## - CATALOGING SOURCE | |
| Original cataloging agency | FISKH |
| Language of cataloging | eng |
| Transcribing agency | FISKH |
| Modifying agency | FISKH |
| 050 ## - LIBRARY OF CONGRESS CALL NUMBER | |
| Classification number | 567.9 |
| 100 ## - MAIN ENTRY--PERSONAL NAME | |
| Personal name | Naish, Darren |
| 245 ## - TITLE STATEMENT | |
| Title | Jurassic record breakers : |
| Remainder of title | Heaviest most fastest dinosaur! feared ! dino tail / |
| Statement of responsibility, etc. | Naish, Darren |
| 250 ## - EDITION STATEMENT | |
| Edition statement | Published in 2015 |
| 260 ## - PUBLICATION, DISTRIBUTION, ETC. | |
| Place of publication, distribution, etc. | London : |
| Name of publisher, distributor, etc. | Carlton Book , |
| Date of publication, distribution, etc. | 2015 |
| 300 ## - PHYSICAL DESCRIPTION | |
| Extent | 48 pages : |
| Other physical details | color illustrations ; |
| Dimensions | 30 cm . |
| 505 ## - FORMATTED CONTENTS NOTE | |
| Formatted contents note | Z <br/> |
| 520 ## - SUMMARY, ETC. | |
| Summary, etc. | What dinosaur was the fastest? The tallest? The first ever recognized by science? From Archaeopteryx and Diplodocus to Megalosaurus, meet the Jurassic record breakers! This illustration-packed book features the more fascinating creatures of that era, and it's filled with bite-size information that dinosaur fans will love. Find out when and where each dinosaur lived; its size, its speed, and its danger level. |
| 521 8# - TARGET AUDIENCE NOTE | |
| Target audience note | 1070 <br/> |
| Source | Lexile <br/> |
| 521 8# - TARGET AUDIENCE NOTE | |
| Target audience note | Z <br/> |
| Source | Raz-Plus <br/> |
| 600 ## - SUBJECT ADDED ENTRY--PERSONAL NAME | |
| Source of heading or term | dinosaurs |
| Form subdivision | non-fiction |
| 700 ## - ADDED ENTRY--PERSONAL NAME | |
| Personal name | Koken, Alexandar |
| Relator term | Senior editor |
| 942 ## - ADDED ENTRY ELEMENTS (KOHA) | |
| Source of classification or shelving scheme | Dewey Decimal Classification |
| Koha item type | Books |
| Suppress in OPAC | No |
| Withdrawn status | Lost status | Source of classification or shelving scheme | Damaged status | Not for loan | Collection | Home library | Current library | Shelving location | Date acquired | Total Checkouts | Full call number | Barcode | Date last seen | Copy number | Price effective from | Koha item type |
|---|---|---|---|---|---|---|---|---|---|---|---|---|---|---|---|---|
| Dewey Decimal Classification | Non-Fiction | Footprints International School Library Network Toul Tom Poung Campus | Footprints International School Library Network Toul Tom Poung Campus | TTP Secondary Non-Fiction Bookshelves | 02/02/2024 | NAI 567.9 | FISBK073217 | 02/02/2024 | 1 | 02/02/2024 | Books |
